000 00847nam a2200205 a 4500
001 000034863
005 20200930073941.0
008 111020s1965 xxu 000 0 eng d
040 _aDO-SdBNP
_bspa
_cBNPHU
082 _a978.02
_bB112t
100 1 _aBabcock, C. Merton
_960398
245 1 0 _aThe american frontier :
_bA social and literary record /
_cC. Merton Babcock.
260 _aNew York :
_bHolt, Rinehart and Winston,
_c1965.
300 _a452 p. ;
_c21 cm.
590 _aPerteneció a la biblioteca personal de Juan Isidro Jimenes-Grullón
650 4 _aVida de pioneros-
_zOeste (Región{Rpara} (Estados Unidos{Rpara}
_960399
651 4 _aOeste (Región{Rpara} (Estados Unidos{Rpara}
_xHistoria
_960400
651 4 _aOeste (Región{Rpara} (Estados Unidos{Rpara}
_zExpansión Territorial
_960401
910 _aValidado. Control de calidad MFF
999 _c34354
_d34354